Well and good : (Record no. 1461)

000 -LEADER
fixed length control field 01605cam a2200421 a 4500
003 - CONTROL NUMBER IDENTIFIER
control field OSt
005 - DATE AND TIME OF LATEST TRANSACTION
control field 20210628082158.0
008 - FIXED-LENGTH DATA ELEMENTS--GENERAL INFORMATION
fixed length control field 980303s1998 onc b 001 0 eng d
020 ## - INTERNATIONAL STANDARD BOOK NUMBER
International Standard Book Number 155111206X
040 ## - CATALOGING SOURCE
Transcribing agency CaOONL
042 ## - AUTHENTICATION CODE
Authentication code lccopycat
050 00 - LIBRARY OF CONGRESS CALL NUMBER
Classification number R724
Item number .T533 1998
055 01 - CLASSIFICATION NUMBERS ASSIGNED IN CANADA
Classification number R724
055 #3 - CLASSIFICATION NUMBERS ASSIGNED IN CANADA
Classification number R724
Item number T48 1998
055 00 - CLASSIFICATION NUMBERS ASSIGNED IN CANADA
Classification number R724
Item number T48 1998
100 1# - MAIN ENTRY--PERSONAL NAME
Personal name Thomas, John E.
Dates associated with a name 1926-1996.
245 10 - TITLE STATEMENT
Title Well and good :
Remainder of title a case study approach to biomedical ethics /
Statement of responsibility, etc. John E. Thomas and Wilfred J. Waluchow.
250 ## - EDITION STATEMENT
Edition statement 3rd ed.
260 ## - PUBLICATION, DISTRIBUTION, ETC.
Place of publication, distribution, etc. Peterborough, Ont. :
Name of publisher, distributor, etc. Broadview Press,
Date of publication, distribution, etc. c1998.
300 ## - PHYSICAL DESCRIPTION
Extent 298 p. ;
Dimensions 23 cm.
504 ## - BIBLIOGRAPHY, ETC. NOTE
Bibliography, etc. note Includes bibliographical references and index.
650 #0 - SUBJECT ADDED ENTRY--TOPICAL TERM
Topical term or geographic name entry element Medical ethics
Form subdivision Case studies.
650 #0 - SUBJECT ADDED ENTRY--TOPICAL TERM
Topical term or geographic name entry element Bioethics
Form subdivision Case studies.
650 #6 - SUBJECT ADDED ENTRY--TOPICAL TERM
Topical term or geographic name entry element Éthique médicale
Form subdivision Cas, Études de.
650 #6 - SUBJECT ADDED ENTRY--TOPICAL TERM
Topical term or geographic name entry element Bioéthique
Form subdivision Cas, Études de.
700 1# - ADDED ENTRY--PERSONAL NAME
Personal name Waluchow, Wilfrid J.
856 42 - ELECTRONIC LOCATION AND ACCESS
Uniform Resource Identifier http://www.loc.gov/catdir/enhancements/fy1202/98211616-b.html
856 42 - ELECTRONIC LOCATION AND ACCESS
Uniform Resource Identifier http://www.loc.gov/catdir/enhancements/fy1202/98211616-d.html
856 41 - ELECTRONIC LOCATION AND ACCESS
Uniform Resource Identifier http://www.loc.gov/catdir/enhancements/fy1202/98211616-t.html
906 ## - LOCAL DATA ELEMENT F, LDF (RLIN)
a 7
b cbc
c copycat
d 2
e ncip
f 19
g y-gencatlg
942 ## - ADDED ENTRY ELEMENTS (KOHA)
Source of classification or shelving scheme
Koha item type Book
Suppress in OPAC DO
Holdings
Withdrawn status Lost status Source of classification or shelving scheme Damaged status Not for loan Permanent Location Current Location Shelving location Date acquired Total Checkouts Full call number Barcode Date last seen Copy number Price effective from Koha item type Public note
          AU LIBRARY AU LIBRARY Open Shelf 28.06.2021   R724 .T533 1998 C1 28000502 28.06.2021 1 28.06.2021 Book DO
          AU LIBRARY AU LIBRARY Open Shelf 28.06.2021   R724 .T533 1998 C2 28003178 28.06.2021 2 28.06.2021 Book DO

Powered by Koha